[Event "Budapest FS09 GM"]
[Site "Budapest"]
[Date "1995.??.??"]
[Round "13"]
[White "Acs, Peter"]
[Black "Cao Sang"]
[Result "1/2-1/2"]
[WhiteElo "2370"]
[BlackElo "2420"]

1.e4 c5 2.c3 Nf6 3.e5 Nd5 4.d4 cxd4 5.Nf3 Nc6 6.Bc4 Nb6 7.Bb3 g6 8.Ng5 d5
9.exd6 e6 10.cxd4 Bg7 11.d5 Nxd5 12.Bxd5 exd5 13.Qxd5 O-O 14.O-O Nb4 15.Qc4 Qxd6
16.Nc3 Nc6 17.Be3 Qe5 18.Rfe1 h6 19.Nf3 Qh5 20.Bc5 Rd8 21.Be7 Nxe7 22.Rxe7 Be6
23.Qa4 Rd3 24.Re1 Rad8 25.Rxb7 Bxc3 26.bxc3 Bd5 27.Rxa7 Bxf3 28.gxf3 Qxf3
29.Qe4 Qf6 30.Re7 Rxc3 31.Re5 Ra3 32.Re2 Kg7 33.Kg2 Rda8 34.Qd5 Rxa2 35.Rxa2 Rxa2
36.Qxa2 Qxe5 37.Qb3 h5 38.Qb7 Qf6 39.Qb1 Kh6 40.Qb3 Qg5+ 41.Kf1 Qf5 42.Qe3+ g5
43.Qc3 h4 44.h3 Kg6 45.Kg2 Qe4+ 46.Kh2 f6 47.Qb3 Kf5 48.Kg1 Qd4 49.Qf3+ Ke5
50.Qe2+ Qe4 51.Qb5+ Kf4 52.Qb8+ Qe5 53.Qb4+ Kf5 54.Qb1+ Qe4 55.Qb5+ Kg6 56.Qb3 Qe1+
57.Kg2 Kf5 58.Qd5+ Kf4 59.Qd6+ Qe5 60.Qd2+ Kf5 61.Qd7+ Ke4 62.Qg4+ Kd5 63.Qd7+ Kc5
64.Qa7+ Kb4 65.Qb6+ Kc3 66.Qc6+ Kd2 67.Qa4 Qd5+ 68.Kg1 f5 69.Qb4+ Kc2 70.Qa4+ Qb3
71.Qc6+ Kd2 72.Qd6+ Qd3 73.Qb4+ Kd1 74.Qa4+ Ke1 75.Qb4+ Kd1 76.Qa4+ Ke2 77.Qa2+ Kf3
78.Qa8+ Qe4 79.Qa3+ Ke2 80.Qb2+ Kd1 81.Qb3+ Kd2 82.Qb2+ Qc2 83.Qxc2+ Kxc2
84.f4 gxf4 85.Kf2 Kd2 86.Kf3 Ke1 87.Kxf4 Kf2 88.Kxf5 Kg3 89.Ke4  1/2-1/2

[Event "Buenos Aires VII Najdorf op"]
[Site "Buenos Aires"]
[Date "1995.??.??"]
[Round "5"]
[White "Gomez Baillo, Jorge H"]
[Black "Rosito, Jorge"]
[Result "1/2-1/2"]
[WhiteElo "2420"]
[BlackElo "2340"]

1.e4 c5 2.c3 Nf6 3.e5 Nd5 4.Nf3 e6 5.Bc4 b6 6.O-O Bb7 7.d4 Be7 8.Bb3 cxd4
9.Nxd4 O-O 10.Nf5 Bc5 11.Bh6 exf5 12.Bxd5 Bxd5 13.Qxd5 Nc6 14.Bf4 Re8 15.Re1 Re6
16.Na3 Bxa3 17.bxa3 Qe7 18.a4  1/2-1/2

[Event "Buenos Aires Clarin op"]
[Site "Buenos Aires"]
[Date "1995.??.??"]
[Round "8"]
[White "Gomez Baillo, Jorge H"]
[Black "Giardelli, Sergio C"]
[Result "1/2-1/2"]
[WhiteElo "2415"]
[BlackElo "2465"]

1.e4 c5 2.c3 Nf6 3.e5 Nd5 4.d4 cxd4 5.Nf3 e6 6.cxd4 d6 7.Nc3 Nxc3 8.bxc3 Qc7
9.Bd2 b6 10.Bd3 Bb7 11.O-O Nd7 12.Re1 Be7 13.Bg5 dxe5 14.Bxe7 Kxe7 15.Rc1 exd4
16.Nxd4 Nf6 17.Qd2 Rhd8 18.Qg5 Kf8 19.Rxe6 h6 20.Qd2 Ng4 21.f4 Qc5 22.Be4 fxe6
23.Bxb7 Rab8 24.Bf3 e5 25.fxe5 Nxe5 26.Be4 Kg8 27.Qf2 Rf8 28.Qg3 Rf6 29.h3 Rd8
30.Re1 Nf7 31.Bc2 Nd6 32.Kh2 Qg5 33.Qxg5 hxg5 34.Re7 Rc8 35.Bb3+ Kh8 36.Rxa7 Rxc3
37.Nf3 Rc5 38.Re7 Kh7 39.Ne5 Rf1 40.Re6 Nf5 41.Re8 g6 42.Nc4  1/2-1/2

[Event "Buenos Aires Clarin op"]
[Site "Buenos Aires"]
[Date "1995.??.??"]
[Round "8"]
[White "Hoffman, Alejandro"]
[Black "Vasquez, Rodrigo"]
[Result "1/2-1/2"]
[WhiteElo "2515"]
[BlackElo "2515"]

1.e4 c5 2.c3 Nf6 3.e5 Nd5 4.d4 cxd4 5.Nf3 Nc6 6.Bc4 Nb6 7.Bb3 d5 8.exd6 Qxd6
9.O-O Be6 10.Na3 a6 11.Bxe6 Qxe6 12.Re1 Qd5 13.Nxd4 Nxd4 14.Be3 Nb5 15.Bxb6 Qxd1
16.Rexd1 Nxa3 17.bxa3 e6 18.a4 Be7 19.Rab1 O-O 20.Ba5 Bd8 21.Bxd8 Rfxd8 22.Kf1 Rxd1+
23.Rxd1 g5  1/2-1/2

[Event "Bussum op"]
[Site "Bussum"]
[Date "1995.??.??"]
[Round "2"]
[White "Galje, Hans"]
[Black "Blees, Albert"]
[Result "0-1"]
[WhiteElo "2075"]
[BlackElo "2410"]

1.e4 c5 2.c3 Nf6 3.e5 Nd5 4.d4 cxd4 5.cxd4 d6 6.Nf3 Nc6 7.Bc4 e6 8.O-O Nb6
9.Bb5 Bd7 10.Nc3 a6 11.Bd3 dxe5 12.dxe5 Be7 13.a3 Rc8 14.Qe2 Nd5 15.Ne4 Qc7
16.Ng3 Na5 17.Bg5 Bxg5 18.Nxg5 Nf4 19.Qf3 Qxe5 20.h4 Bc6 21.Be4 Bxe4 22.N5xe4 Rd8
23.Rac1 O-O 24.Nc5 Nd5 25.b4 Nc6 26.Nxb7 Nd4 27.Qd1 Nf4 28.Nxd8 Nfe2+ 29.Nxe2 Nxe2+
30.Kh1 Qe4 31.f4 Ng3+ 32.Kh2 Nxf1+ 33.Qxf1 Rxd8 34.Re1 Qf5 35.Qf3 h6 36.Re5 Qc2
37.Rc5 Qd2 38.Qe4 g6 39.Qe5 Qd4 40.Rc8 Kh7 41.Rc7 Kg8 42.Rc8 Qd2 43.Rc7 Qd6
44.Rc8 Qe7 45.Rxd8+ Qxd8 46.g3 Qd2+ 47.Kh3 Qc1 48.Qb8+ Kg7 49.Qe5+ Kh7  0-1

[Event "CAN-ch"]
[Site "CAN"]
[Date "1995.??.??"]
[Round "8"]
[White "Johnstone, Glenn"]
[Black "Kiviaho, Bob"]
[Result "1-0"]
[WhiteElo "2295"]
[BlackElo "2230"]

1.e4 c5 2.c3 Nf6 3.e5 Nd5 4.Nf3 Nc6 5.d4 cxd4 6.cxd4 d6 7.Bc4 Nb6 8.Bb5 dxe5
9.Bxc6+ bxc6 10.Nxe5 Be6 11.Be3 g6 12.Nc3 Rc8 13.O-O Bg7 14.Qf3 Nd5 15.Ne4 Nxe3
16.Qxe3 O-O 17.Nc5 Bd5 18.Rfe1 Re8 19.Rad1 Rb8 20.b3 Qa5 21.h3 Qd8 22.Rd2 f6
23.Nxc6 Bxc6 24.Qe6+ Kh8 25.Qxc6 e5 26.Red1 e4 27.Ne6 Qe7 28.Nxg7 Kxg7 29.d5 Rbc8
30.Qa6 e3 31.Re2 exf2+ 32.Rxf2 Qe5 33.Qxa7+ Re7 34.Qb6 Rec7 35.d6 Rc1 36.Rdf1 Rxf1+
37.Rxf1 Rc2 38.d7 Rd2 39.d8=Q Rxg2+ 40.Kxg2 Qg5+ 41.Kh1  1-0

[Event "Canaries olJ U16"]
[Site "?"]
[Date "1995.??.??"]
[Round "?"]
[White "Acs, Peter"]
[Black "Sheldon, Ruth"]
[Result "1-0"]
[WhiteElo "2240"]
[BlackElo "2155"]

1.e4 c5 2.c3 Nf6 3.e5 Nd5 4.d4 cxd4 5.Nf3 e6 6.cxd4 b6 7.Nc3 Nxc3 8.bxc3 Qc7
9.Bd2 d6 10.Bd3 Nd7 11.O-O Bb7 12.Re1 dxe5 13.Nxe5 Nxe5 14.Rxe5 Bd6 15.Rh5 g6
16.Rh3 Bf4 17.Bb5+ Kf8 18.Qc1 Bxd2 19.Qxd2 h5 20.Re1 Rd8 21.Bd3 Kg7 22.Bc2 Rd7
23.Qg5 Qd8 24.Qe3 Qf6 25.Be4 Bxe4 26.Qxe4 Qg5 27.Rf3 Rhd8 28.h4 Qd5 29.Qf4 Qd6
30.Qf6+ Kg8 31.Rg3 Qe7 32.Rxe6 Qxf6 33.Rxf6 Rc8 34.Rff3 Rc4 35.Rd3 Ra4 36.Rd2 b5
37.Rg5 Rc4 38.Rxb5 Rxc3 39.g3 Kf8 40.Kg2 Ke7 41.Ra5 Kd6 42.d5 Rb7 43.Ra6+ Kd7
44.Rd4 Rc5 45.Rf4 Ke8 46.Re4+ Kd7 47.d6 Rc6 48.Rea4 Rxd6 49.Rxa7 Rxa7 50.Rxa7+ Ke6
51.a4 Rd3 52.a5 Ra3 53.a6 Kf6 54.Ra8 Ke7 55.f3 Kf6 56.g4 Ke7 57.gxh5 gxh5
58.Kg3 Ra5 59.f4 Kf6 60.a7 Ke7  1-0

[Event "Cannes Martinez"]
[Site "Cannes"]
[Date "1995.??.??"]
[Round "1"]
[White "Goldgewicht, Lionel"]
[Black "Bacrot, Etienne"]
[Result "0-1"]
[WhiteElo "2305"]
[BlackElo "2300"]

1.e4 c5 2.c3 Nf6 3.e5 Nd5 4.d4 cxd4 5.Nf3 Nc6 6.Bc4 Nb6 7.Bb3 d5 8.exd6 Qxd6
9.O-O Be6 10.Na3 dxc3 11.Qe2 Bxb3 12.axb3 e6 13.Nb5 Qb8 14.g3 e5 15.bxc3 Be7
16.Be3 Nc8 17.c4 O-O 18.Rfd1 Nd6 19.Nc3 Nf5 20.Nd5 b6 21.Bd2 Bd6 22.Bc3 Re8
23.Qe4 Nfd4 24.Bxd4 Nxd4 25.Nxd4 exd4 26.Qg4 Kf8 27.Ra2 Be5 28.f4 Bd6 29.Kg2 Qb7
30.Rxd4 Bc5 31.Rd1 Re3 32.Rb2 Ba3 33.Rbb1 Rae8 34.Rd2 Bb4 35.Rc2 a5 36.Kh3 R8e6
37.Kg2 Qc6 38.Kf1 g6 39.Kg2 h5 40.Qg5 Kg7 41.f5 Re2+ 42.Rxe2 Rxe2+ 43.Kh3 Bd2
44.Qh4 gxf5 45.Qd4+ f6 46.Qxb6 Qxb6 47.Nxb6 f4 48.Rf1 fxg3 49.hxg3 Re3 50.Nd5 Rxb3
51.Nxf6 Kh6 52.c5 Bb4 53.Nd7 Re3 54.Rf6+ Kg5 55.Ra6 h4 56.Nf8 Rxg3+ 57.Kh2 Rc3
58.Ne6+ Kf5 59.Nd8 Rxc5 60.Nb7 Rd5 61.Kh3 Rd3+ 62.Kh2 Bd2 63.Kg2 h3+ 64.Kh1 Ra3
65.Ra8 Ke4 66.Nxa5 Ra1+ 67.Kh2 Bf4+  0-1

[Event "Cannes op"]
[Site "Cannes"]
[Date "1995.??.??"]
[Round "1"]
[White "Jonkman, Harmen"]
[Black "Marinelli, Tullio"]
[Result "1-0"]
[WhiteElo "2290"]
[BlackElo "2425"]

1.e4 c5 2.c3 Nf6 3.e5 Nd5 4.d4 cxd4 5.Nf3 e6 6.cxd4 d6 7.a3 Bd7 8.Bd3 Bc6
9.O-O Nd7 10.Qe2 Rc8 11.Bd2 a6 12.Re1 dxe5 13.dxe5 Nc5 14.Bc4 b5 15.Ba2 Na4
16.b3 Nc5 17.b4 Na4 18.Bb3 Nab6 19.Bg5 Qc7 20.Nbd2 h6 21.Bh4 Bb7 22.Qf1 Nc4
23.Rec1 Ndb6 24.Nxc4 Nxc4 25.Nd2 Bd5 26.Nxc4 bxc4 27.Ba4+ Bc6 28.Rxc4 Bxa4
29.Rxc7 Rxc7 30.Qxa6 Bd7 31.b5 Bc5 32.b6 Rc8 33.b7 Rb8 34.Rc1  1-0

[Event "Cannes Martinez op"]
[Site "Cannes"]
[Date "1995.??.??"]
[Round "1"]
[White "Lane, Gary W"]
[Black "Guillon, Cyril"]
[Result "1/2-1/2"]
[WhiteElo "2400"]
[BlackElo "2150"]

1.e4 c5 2.c3 Nf6 3.e5 Nd5 4.Nf3 Nc6 5.Bc4 Nb6 6.Bb3 d5 7.exd6 Qxd6 8.O-O Be6
9.Na3 Bxb3 10.Qxb3 e6 11.d4 cxd4 12.Nb5 Qd8 13.Nbxd4 Nxd4 14.Nxd4 Be7 15.Rd1 Qc8
16.Nb5 Nd7 17.Nd6+ Bxd6 18.Rxd6 O-O 19.Bg5 Qc7 20.Rad1 Nb6 21.Qb5 h6 22.Bf4 Rfd8
23.h3 Rxd6 24.Rxd6 Rd8 25.Rd3 Qe7 26.Rg3 Rd5 27.Qe2 Qf6 28.Be3 e5 29.c4 Rd8
30.b3 Nc8 31.a4 a6 32.Bc5 Ne7 33.a5 Ng6 34.Bb6 Nf4 35.Qe4 Rd1+ 36.Kh2 h5
37.Qxb7 h4 38.Rf3  1/2-1/2

[Event "Cannes m"]
[Site "Cannes"]
[Date "1995.??.??"]
[Round "2"]
[White "Godena, Michele"]
[Black "Bacrot, Etienne"]
[Result "1-0"]
[WhiteElo "2430"]
[BlackElo "2300"]

1.e4 c5 2.c3 Nf6 3.e5 Nd5 4.Nf3 Nc6 5.Bc4 Nb6 6.Be2 d6 7.exd6 Qxd6 8.Na3 a6
9.d3 g6 10.Be3 Bg7 11.Nd2 Ne5 12.d4 cxd4 13.Bxd4 O-O 14.O-O Be6 15.Ne4 Qc6
16.Ng5 Bd5 17.Bxb6 Qxb6 18.Qxd5 Qxb2 19.f4 h6 20.fxe5 hxg5 21.Bc4 Qxa3 22.Rxf7 Rxf7
23.Qxf7+ Kh7 24.Bd3 Qc5+ 25.Kh1 Qc6 26.e6 Qe8 27.Bxg6+  1-0

[Event "Cannes op"]
[Site "Cannes"]
[Date "1995.??.??"]
[Round "2"]
[White "Rosandic, Denis"]
[Black "Borne, Niels"]
[Result "0-1"]
[WhiteElo "2385"]
[BlackElo "2315"]

1.e4 c5 2.c3 Nf6 3.e5 Nd5 4.d4 cxd4 5.cxd4 Nc6 6.Nf3 d6 7.Bc4 Nb6 8.Bb5 d5
9.O-O Bg4 10.h3 Bh5 11.g4 Bg6 12.e6 f6 13.Bf4 Qc8 14.Re1 a6 15.Bd3 Bxd3 16.Qxd3 g6
17.h4 Bg7 18.h5 g5 19.Bg3 O-O 20.Nc3 f5 21.gxf5 Nb4 22.Qb1 Qe8 23.h6 Bxh6
24.Kg2 Bg7 25.Nxg5 Bf6 26.Nf7 Rxf7 27.exf7+ Qxf7 28.Be5 Kh8 29.Ne2 Rc8 30.Rc1 Rg8+
31.Bg3 Nc4 32.Rd1 Qh5 33.Re1 Nd2 34.Qd1 Qf3+ 35.Kg1 Nd3 36.Qxd2 Qxf2+ 37.Kh1 Rxg3
38.Nxg3 Qxd2  0-1

[Event "Cannes op"]
[Site "Cannes"]
[Date "1995.??.??"]
[Round "3"]
[White "Jonkman, Harmen"]
[Black "Kjeldsen, Jens"]
[Result "0-1"]
[WhiteElo "2290"]
[BlackElo "2410"]

1.e4 c5 2.c3 Nf6 3.e5 Nd5 4.d4 cxd4 5.Nf3 e6 6.cxd4 b6 7.Nc3 Nxc3 8.bxc3 Qc7
9.Bd2 Bb7 10.Bd3 d6 11.O-O Nd7 12.Ng5 dxe5 13.Qh5 g6 14.Qh3 Be7 15.Rae1 h6
16.f4 Bxg5 17.fxg5 h5 18.Rf2 Qd6 19.Bb5 Bc6 20.Rxe5 Nxe5 21.dxe5 Qd7 22.Bf1 O-O
23.Be3 Rad8 24.Bd4 Qe7 25.Rf6 Qa3 26.Qd3 Kg7 27.Qc2 Qa4 28.Qb2 Rd5 29.Rf4 Qd1
30.Kf2 Rfd8 31.g4 hxg4 32.Bg2 Rb5 33.Qa3 Qd2+  0-1

[Event "Cannes Masters"]
[Site "Cannes"]
[Date "1995.??.??"]
[Round "4"]
[White "Sale, Srdjan"]
[Black "Bacrot, Etienne"]
[Result "1-0"]
[WhiteElo "2390"]
[BlackElo "2300"]

1.e4 c5 2.c3 Nf6 3.e5 Nd5 4.d4 cxd4 5.Nf3 Nc6 6.cxd4 d6 7.Bc4 Nb6 8.Bb3 dxe5
9.d5 Na5 10.Nc3 Nxb3 11.Qxb3 e6 12.Nxe5 exd5 13.Be3 Bd6 14.Qb5+ Bd7 15.Nxd7 Qxd7
16.O-O-O Qxb5 17.Nxb5 Rc8+ 18.Kb1 Bb8 19.Bxb6 axb6 20.Rhe1+ Kf8 21.Rxd5 Re8
22.Red1 h5 23.h4 Rh6 24.g3 Kg8 25.R1d2 Rc6 26.a4 Re1+ 27.Rd1 Rxd1+ 28.Rxd1 Be5
29.Rd8+ Kh7 30.Rd7 Bf6 31.Nd6 Kg6 32.f4 Rc5 33.Rxb7 Rd5 34.Rxb6  1-0

[Event "Cannes Martinez op"]
[Site "Cannes"]
[Date "1995.??.??"]
[Round "4"]
[White "Goldgewicht, Lionel"]
[Black "Rotstein, Arkadij"]
[Result "1/2-1/2"]
[WhiteElo "2315"]
[BlackElo "2485"]

1.e4 c5 2.c3 Nf6 3.e5 Nd5 4.d4 cxd4 5.Nf3 e6 6.cxd4 b6 7.a3 Be7 8.Nbd2 O-O
9.Ne4 f5 10.exf6 Nxf6 11.Bd3 Bb7 12.Nfg5 Nxe4 13.Nxe4 Ba6 14.O-O Rf5 15.Nc3 Bxd3
16.Qxd3 Nc6 17.d5 Ne5 18.Qe2 Bc5 19.dxe6 dxe6 20.Be3 Qd3 21.Rfe1 Qxe2 22.Rxe2 Rd8
23.Rd1 Rxd1+ 24.Nxd1 Nc4 25.Bxc5 Rxc5 26.Rc2 Kf7 27.Kf1 Kf6 28.Ke2 Re5+ 29.Ne3 Nxe3
30.fxe3 Rg5 31.Kf3 Rb5 32.b4 a5 33.bxa5 bxa5 34.Rc4  1/2-1/2

[Event "Cannes m"]
[Site "Cannes"]
[Date "1995.??.??"]
[Round "4"]
[White "Godena, Michele"]
[Black "Bacrot, Etienne"]
[Result "1/2-1/2"]
[WhiteElo "2430"]
[BlackElo "2300"]

1.e4 c5 2.c3 Nf6 3.e5 Nd5 4.Nf3 Nc6 5.d4 cxd4 6.cxd4 d6 7.Bc4 Nb6 8.Bb5 dxe5
9.Nxe5 Bd7 10.Nxd7 Qxd7 11.Nc3 e6 12.O-O Be7 13.Qg4 O-O 14.Bxc6 Qxc6 15.Bh6 Bf6
16.Rad1 Qd7 17.Ne4 Qe7 18.Rd3 Kh8 19.Bf4 Rfd8 20.Rh3 Rd5 21.Nxf6 Qxf6 22.Be5 Qg6
23.Qxg6 fxg6 24.Rc3 Nd7 25.Rfc1 h6 26.Rc7 b6 27.Kf1 g5 28.Rb7 Nxe5 29.dxe5 Rxe5
30.Rd7 Ra5 31.Rcc7 Rxa2 32.Rxg7 Rxb2 33.Rh7+ Kg8 34.Rhg7+ Kh8 35.Rh7+ Kg8
36.Rhg7+ Kh8 37.Rh7+ Kg8  1/2-1/2

[Event "Cannes op"]
[Site "Cannes"]
[Date "1995.??.??"]
[Round "4"]
[White "Jusic, Zdenko"]
[Black "Rotstein, Arkadij"]
[Result "0-1"]
[WhiteElo "2330"]
[BlackElo "2490"]

1.e4 c5 2.c3 Nf6 3.e5 Nd5 4.d4 cxd4 5.Nf3 e6 6.cxd4 d6 7.Bd3 dxe5 8.Nxe5 Nd7
9.O-O Bd6 10.Qh5 g6 11.Qe2 Qf6 12.Bb5 a6 13.Bxd7+ Bxd7 14.Nc3 Nxc3 15.bxc3 Ba4
16.Qe4 O-O 17.Ng4 Qe7 18.d5 Bd7 19.Qf3 f5 20.Nh6+ Kg7 21.dxe6 Bc6 22.Qd1 Qxe6
23.Re1 Qd5 24.Qxd5 Bxd5 25.Rd1 Rad8 26.Rxd5 Bxh2+ 27.Kxh2 Rxd5 28.c4 Rd7
29.g4 Rc8 30.g5 Rxc4 31.Bb2+ Kf8 32.Ba3+ Ke8 33.Ng8 Rd3 34.Re1+ Kd8 35.Be7+ Kc7
36.Re2 b5 37.a3 a5 38.Re5 Kc6 39.Re6+ Kd7 40.Rb6 Rc8 41.Rxb5 Rxg8 42.Bc5 Ra8  0-1

[Event "Cannes op"]
[Site "Cannes"]
[Date "1995.??.??"]
[Round "5"]
[White "Jonkman, Harmen"]
[Black "Skalik, Przemyslaw"]
[Result "0-1"]
[WhiteElo "2290"]
[BlackElo "2330"]

1.e4 c5 2.c3 Nf6 3.e5 Nd5 4.d4 cxd4 5.Nf3 Nc6 6.Bc4 Nb6 7.Bb3 d5 8.exd6 Qxd6
9.Na3 dxc3 10.Qxd6 exd6 11.Nb5 Rb8 12.Ng5 Ne5 13.O-O Bd7 14.Nxc3 h6 15.f4 Nec4
16.Bxc4 hxg5 17.Bb3 Be6 18.f5 Bxb3 19.axb3 Be7 20.Rxa7 Bf6 21.Rd1 Be5 22.g3 f6
23.Nb5 Nc8 24.Ra4 Kf7 25.Bd2 Ne7 26.Bb4 Nxf5 27.Ra7 Rhd8 28.Ba5 Rd7 29.g4 Ne3
30.Rd3 Nxg4 31.h3 Nh6 32.Bc7 Rc8 33.Rxb7 Nf5 34.Ra7 Ke6 35.b4 Bxb2 36.Kg2 Be5
37.Bb6 Rc2+ 38.Bf2 Rb2 39.Nc7+ Kf7 40.b5 Bd4 41.Rxd4 Nxd4 42.Kf1 Ne6 43.b6 Nc5
44.Na6 Rxb6  0-1

[Event "Cannes Masters"]
[Site "Cannes"]
[Date "1995.??.??"]
[Round "5"]
[White "Rosandic, Denis"]
[Black "Sale, Srdjan"]
[Result "0-1"]
[WhiteElo "2385"]
[BlackElo "2390"]

1.e4 c5 2.c3 Nf6 3.e5 Nd5 4.d4 cxd4 5.Nf3 Nc6 6.Bc4 e6 7.cxd4 d6 8.O-O Be7
9.Qe2 O-O 10.Qe4 Bd7 11.Bd3 f5 12.exf6 Nxf6 13.Qe2 Qe8 14.a3 Qh5 15.Nc3 Rae8
16.Bf4 Nd5 17.Bg3 a6 18.Qe4 Kh8 19.Be2 Qf7 20.Rfe1 b5 21.Qc2 Rc8 22.Qd2 Nxc3
23.Qxc3 Qf5 24.Bd3 Qh5 25.Be2 Qd5 26.Qd2 Bf6 27.Rad1 Be8 28.Bf4 Bg6 29.Bg5 Ne7
30.Bxf6 Rxf6 31.Rc1 Rff8 32.Rxc8 Rxc8 33.Rc1 Rxc1+ 34.Qxc1 h6 35.Qc7 Ng8
36.h3 Kh7 37.Qb6 Qe4 38.Bf1 Qb1 39.Qa5 Nf6 40.Qd2 Ne4 41.Qe2 Kh8 42.Nh4 Bh7
43.Kh2 Qc1 44.g3 Qd2 45.Qxd2 Nxd2 46.Kg2 g5 47.Nf3 Ne4 48.Be2 h5 49.g4 h4  0-1

[Event "Cannes op"]
[Site "Cannes"]
[Date "1995.??.??"]
[Round "5"]
[White "Goldgewicht, Lionel"]
[Black "Bartsch, Berthold"]
[Result "1/2-1/2"]
[WhiteElo "2305"]
[BlackElo "2330"]

1.e4 c5 2.c3 Nf6 3.e5 Nd5 4.d4 cxd4 5.Nf3 e6 6.cxd4 b6 7.a3 Ba6 8.Bxa6 Nxa6
9.O-O Be7 10.Nbd2 O-O 11.Ne4 Nac7 12.Qd3 f5 13.exf6 Nxf6 14.Bf4 Ncd5 15.Bg3 Nh5
16.Nc3 Nxg3 17.hxg3 Nxc3 18.bxc3 Rc8 19.c4 d5 20.Rac1 Qd6 21.Qe2 Bf6 22.Rfe1 Rfd8
23.g4 h6 24.c5 bxc5 25.Rxc5 Rxc5 26.dxc5 Qxc5 27.Qxe6+ Kh8 28.g5 hxg5 29.Qh3+ Kg8
30.Qe6+ Kh7 31.Qf5+ Kg8 32.Qe6+ Kh7 33.Qf5+ Kg8 34.Re6  1/2-1/2

[Event "Cannes op"]
[Site "Cannes"]
[Date "1995.??.??"]
[Round "6"]
[White "Sermek, Drazen"]
[Black "Olivier, Jean Christophe"]
[Result "1-0"]
[WhiteElo "2515"]
[BlackElo "2360"]

1.e4 c5 2.c3 Nf6 3.e5 Nd5 4.d4 cxd4 5.Nf3 Nc6 6.cxd4 d6 7.Bc4 Nb6 8.Bb3 dxe5
9.d5 Na5 10.Nc3 Nxb3 11.Qxb3 e6 12.Nxe5 exd5 13.Be3 Bd6 14.Qb5+ Bd7 15.Nxd7 Qxd7
16.O-O-O O-O-O 17.Qa5 Nc4 18.Qxa7 Nxe3 19.fxe3 Qc6 20.Rxd5 Bb8 21.Qd4 Rxd5
22.Qxd5 Qxd5 23.Nxd5 Re8 24.h3 Re5 25.Rd1 Ba7 26.Rd3 f5 27.Kd2 Re6 28.Ke2 g5
29.Rc3+ Kd8 30.Ra3 Bc5 31.Rd3 Kc8 32.g4 fxg4 33.hxg4 Kb8 34.Rc3 Bd6 35.Nb6 Be5
36.Nd7+ Ka7 37.Ra3+  1-0

[Event "Cannes op"]
[Site "Cannes"]
[Date "1995.??.??"]
[Round "6"]
[White "Guido, Flavio"]
[Black "Berthelot, Yannick"]
[Result "1-0"]
[WhiteElo "2330"]
[BlackElo "2255"]

1.e4 c5 2.c3 Nf6 3.e5 Nd5 4.d4 cxd4 5.Nf3 Nc6 6.Bc4 Nb6 7.Bb3 d5 8.exd6 Qxd6
9.Na3 dxc3 10.Qe2 Bf5 11.Nb5 Qd7 12.Ne5 Nxe5 13.Qxe5 f6 14.Nc7+ Kd8 15.Ne6+ Bxe6
16.Qxe6 Qxe6+ 17.Bxe6 Na4 18.b4 a5 19.a3 Ra6 20.Bb3 axb4 21.axb4 Nc5 22.Rxa6 Nxa6
23.Ke2 e5 24.Rd1+ Kc7 25.Be6 Bxb4 26.Rd7+ Kb8 27.Rxg7 Nc5 28.Bf5 Nb3 29.Be3 Nd4+
30.Bxd4 exd4 31.Kd3 Re8 32.Rxh7 Re5 33.g4 Rc5 34.Kc2 Rc7 35.Rh8+ Ka7 36.h4 Bd6
37.h5 Bf4 38.h6 Bxh6 39.Rxh6 Rf7 40.Kd3 Kb6 41.Kxd4 Kb5 42.Kxc3 Kc5 43.Rh7  1-0

[Event "Cannes Masters"]
[Site "Cannes"]
[Date "1995.??.??"]
[Round "6"]
[White "Goldgewicht, Lionel"]
[Black "Bacrot, Etienne"]
[Result "1/2-1/2"]
[WhiteElo "2305"]
[BlackElo "2300"]

1.e4 c5 2.c3 Nf6 3.e5 Nd5 4.d4 cxd4 5.Nf3 Nc6 6.Bc4 Nb6 7.Bb3 d5 8.exd6 Qxd6
9.O-O Be6 10.Na3 dxc3 11.Qe2 Bxb3 12.Nb5 Qb8 13.axb3 e5 14.Nfd4 Bc5 15.Nf5 O-O
16.Bh6 g6 17.Bxf8 Bxf8 18.Ng3 cxb2  1/2-1/2

[Event "Cannes Masters"]
[Site "Cannes"]
[Date "1995.??.??"]
[Round "9"]
[White "Goldgewicht, Lionel"]
[Black "Rouchouse, Stevens"]
[Result "1-0"]
[WhiteElo "2305"]
[BlackElo "2180"]

1.e4 c5 2.c3 Nf6 3.e5 Nd5 4.d4 cxd4 5.Nf3 Nc6 6.cxd4 d6 7.Bc4 e6 8.O-O Nb6
9.Bd3 Be7 10.a3 O-O 11.Nc3 f5 12.exf6 Bxf6 13.Bc2 e5 14.Qd3 g6 15.dxe5 dxe5
16.Bb3+ Kh8 17.Qxd8 Rxd8 18.Ng5 Kg7 19.Nf7 Nd4 20.Bh6+ Kg8 21.Ba2 Be6 22.Bxe6 Nxe6
23.Nxd8 Rxd8 24.Be3  1-0

[Event "Cannes Masters"]
[Site "Cannes"]
[Date "1995.??.??"]
[Round "10"]
[White "Mestrovic, Zvonimir"]
[Black "Olivier, Jean Christophe"]
[Result "1-0"]
[WhiteElo "2415"]
[BlackElo "2360"]

1.e4 c5 2.c3 Nf6 3.e5 Nd5 4.d4 cxd4 5.Nf3 Nc6 6.Bc4 Nb6 7.Bb3 d6 8.exd6 Qxd6
9.Na3 a6 10.O-O Bf5 11.Nxd4 Nxd4 12.cxd4 e6 13.Qf3 Qd7 14.d5 Nxd5 15.Nc4 Bg6
16.Ne5 Qd6 17.Bf4 Qd8 18.Rad1 Be7 19.Bxd5 exd5 20.Rxd5 Qb6 21.Rd7 Qf6 22.Nxg6 hxg6
23.Re1  1-0

[Event "Cappelle op"]
[Site "Cappelle la Grande"]
[Date "1995.??.??"]
[Round "1"]
[White "Jensen, Stein"]
[Black "Pelle, Guillaume"]
[Result "1/2-1/2"]
[WhiteElo "2205"]
[BlackElo "2190"]

1.e4 c5 2.c3 Nf6 3.e5 Nd5 4.d4 cxd4 5.Nf3 e6 6.cxd4 b6 7.Nc3 Nxc3 8.bxc3 Qc7
9.Bd2 d6 10.Bb5+ Nd7 11.O-O Bb7 12.Re1 Bc6 13.Qe2 Bxb5 14.Qxb5 d5 15.a4 Be7
16.Rec1 O-O 17.c4 a6 18.Qb3 dxc4 19.Rxc4 Qb7 20.Rac1 Rac8 21.h3 h6 22.Bb4 Rxc4
23.Qxc4 Bxb4 24.Qxb4 Rc8 25.Rxc8+ Qxc8 26.Qd6 b5 27.axb5 axb5 28.d5 Qc1+
29.Kh2 Qf4+ 30.Kg1 Nf8 31.Qc6 exd5 32.Qxb5 Qe4 33.Qb2 Ne6 34.Qd2 Nf4 35.Kh2 Ng6
36.Qc3 Kh7 37.g3 Qc4 38.Qe3 Nf8 39.Ne1 Ne6 40.Qd3+ Qxd3 41.Nxd3 g5 42.g4 Kg7
43.Kg3 f6 44.exf6+ Kxf6 45.f4 gxf4+ 46.Nxf4 Nc7 47.Nd3 Ne6  1/2-1/2

[Event "Cappelle op"]
[Site "Cappelle la Grande"]
[Date "1995.??.??"]
[Round "2"]
[White "Lane, Gary W"]
[Black "Pavlovic, Martin"]
[Result "1-0"]
[WhiteElo "2405"]
[BlackElo "2220"]

1.e4 c5 2.c3 Nf6 3.e5 Nd5 4.d4 cxd4 5.Nf3 Nc6 6.Bc4 e6 7.cxd4 d6 8.O-O Be7
9.Qe2 O-O 10.Rd1 Bd7 11.a3 Rc8 12.Nbd2 Na5 13.Ba2 Ba4 14.Re1 dxe5 15.Nxe5 Qb6
16.Qg4 Nf6 17.Qh3 Rc7 18.b4 Nc6 19.Bb2 Nb8 20.Bb1 Rfc8 21.d5 exd5 22.Ng4 h5
23.Ne3 Bf8 24.Bxf6 Qxf6 25.Nxd5 Qxa1 26.Bh7+ Kxh7 27.Qxh5+ Kg8 28.Rxa1 Rc1+
29.Rxc1 Rxc1+ 30.Nf1 Nc6 31.Qg5  1-0

[Event "Cappelle op"]
[Site "Cappelle la Grande"]
[Date "1995.??.??"]
[Round "4"]
[White "Lane, Gary W"]
[Black "Rausis, Igors"]
[Result "0-1"]
[WhiteElo "2405"]
[BlackElo "2495"]

1.e4 c5 2.c3 Nf6 3.e5 Nd5 4.d4 cxd4 5.Nf3 Nc6 6.Bc4 e6 7.cxd4 d6 8.O-O Be7
9.a3 O-O 10.Bd3 Bd7 11.Qe2 Na5 12.Bc2 Rc8 13.b4 Qc7 14.Ne1 Nc6 15.Bb2 Nf4
16.Qe4 Ng6 17.f4 a5 18.b5 Qb6 19.Bd3 dxe5 20.bxc6 Bxc6 21.Qe2 Nxf4 22.Rxf4 exf4
23.Kh1 Bf6 24.a4 Rfd8 25.Na3 Bxd4 26.Nc4 Qc5 27.Rb1 Bxa4 28.Nf3 b5 29.Nxa5 Bc3
30.Be4 Bd1  0-1

[Event "Cappelle op"]
[Site "Cappelle la Grande"]
[Date "1995.??.??"]
[Round "4"]
[White "Izmukhambetov, Salauat"]
[Black "Velikhanli, Firuza"]
[Result "0-1"]
[WhiteElo "2125"]
[BlackElo "2340"]

1.e4 c5 2.c3 Nf6 3.e5 Nd5 4.d4 cxd4 5.Nf3 Nc6 6.Bc4 Nb6 7.Bb3 d5 8.exd6 Qxd6
9.O-O Bf5 10.Nxd4 Nxd4 11.cxd4 e6 12.Nc3 Be7 13.Qf3 Qd7 14.a4 a5 15.d5 e5
16.Qe3 Ra6 17.Qxe5 O-O 18.Bf4 Rd8 19.Rad1 Nc8 20.Bc4 Bd6 21.Qd4 Bxf4 22.Bxa6 Qd6
23.g3 Be5 24.Qc4 bxa6 25.Qc6 Bd7 26.Qc4 Qb6 27.Qe4 Bf6 28.Rd2 Nd6 29.Qf3 Qb4
30.Ra1 Nc4 31.Rc2 Qb3 32.Re2 Nxb2 33.Re3 Bd4 34.Re7 Bf6 35.Rxd7 Rxd7 36.Qg4 Rd8
37.Ne4 Bd4 38.d6 Nd3 39.Rf1 Ne5 40.Qe2 f5 41.Ng5 h6 42.Nh3 Rxd6 43.Qh5 Qf7
44.Qe2 Qd5 45.Nf4 Qe4 46.Qa2+ Kh7  0-1

[Event "Cappelle op"]
[Site "Cappelle la Grande"]
[Date "1995.??.??"]
[Round "5"]
[White "Rausis, Igors"]
[Black "Dvoirys, Semen I"]
[Result "1/2-1/2"]
[WhiteElo "2495"]
[BlackElo "2550"]

1.e4 c5 2.c3 Nf6 3.e5 Nd5 4.d4 cxd4 5.Nf3 Nc6 6.cxd4 d6 7.Bc4 Nb6 8.Bb3 dxe5
9.d5 Na5 10.Nc3 Nxb3 11.Qxb3 e6 12.Nxe5 Nxd5 13.Qb5+ Bd7 14.Qxb7 Qc8 15.Qxd7+ Qxd7
16.Nxd7 Kxd7 17.Nxd5 exd5 18.Be3 Bb4+ 19.Ke2 Rhc8 20.Rac1 a6 21.Rxc8 Rxc8
22.Rc1 Rxc1 23.Bxc1 Bd6 24.h3 g6 25.Kd3 Be5 26.b3 f5 27.Be3 Kc6 28.Bd4 Bc7
29.a4 Bd6 30.f3 Bc7 31.g4 Bd6 32.gxf5 gxf5 33.Bc3 Bc5 34.b4 Be7 35.Be1 Bf8
36.Ke3 Bh6+ 37.Kd4 Bg7+ 38.Kd3 Bf6 39.Bf2 Be7 40.Kc3 Bf6+ 41.Bd4 Bh4 42.Bc5 Be1+
43.Kb3 Bh4 44.Bf8 Bf6 45.Kc2 Bd4 46.Kd3 Bf2 47.Be7 Bb6 48.Bh4 Bg1 49.Bg5  1/2-1/2

[Event "Cappelle op"]
[Site "Cappelle la Grande"]
[Date "1995.??.??"]
[Round "5"]
[White "Sveshnikov, Evgeny"]
[Black "Krakops, Maris"]
[Result "1/2-1/2"]
[WhiteElo "2560"]
[BlackElo "2475"]

1.e4 c5 2.c3 Nf6 3.e5 Nd5 4.Nf3 Nc6 5.Bc4 Nb6 6.Be2 g6 7.d4 cxd4 8.cxd4 Bg7
9.Nc3 d6 10.Bf4 dxe5 11.dxe5 O-O 12.O-O Qxd1 13.Rfxd1 h6 14.h3 Be6 15.Bb5 Nc4
16.Bxc6 bxc6 17.b3 Nb6 18.Rac1 Nd5 19.Bg3 Rfd8 20.Rd4 c5 21.Rd2 Nb4 22.Rcd1 Rxd2
23.Rxd2 Rc8 24.Nb5 c4 25.bxc4  1/2-1/2